Detalles MARC
| 000 -LEADER |
| campo de control de longitud fija |
03895cam a22004814i 4500 |
| 003 - IDENTIFICADOR DE NÚMERO DE CONTROL |
| campo de control |
PE-LiUPU |
| 005 - FECHA Y HORA DE LA ÚLTIMA TRANSACCIÓN |
| campo de control |
20250731173316.0 |
| 008 - DATOS DE LONGITUD FIJA--INFORMACIÓN GENERAL |
| campo de control de longitud fija |
150625s2001 xxua rb 000 0 spa d |
| 020 ## - NÚMERO INTERNACIONAL ESTÁNDAR DEL LIBRO |
| Número Internacional Estándar del Libro |
9780311324064 |
| 035 ## - NÚMERO DE CONTROL DEL SISTEMA |
| Número de control de sistema |
(Sirsi) i9780311324064 |
| 040 ## - FUENTE DE CATALOGACIÓN |
| Centro catalogador/agencia de origen |
PE-LiUPU |
| Lengua de catalogación |
spa |
| Centro/agencia transcriptor |
PE-LiUPU |
| Normas de descripción |
rda |
| 049 ## - FONDOS LOCALES (OCLC) |
| Biblioteca depositaria |
PRUA |
| 082 04 - NÚMERO DE LA CLASIFICACIÓN DECIMAL DEWEY |
| Número de clasificación |
264.2 |
| Cutter |
LP |
| Número de edición |
21 |
| 100 1# - ENTRADA PRINCIPAL--NOMBRE DE PERSONA |
| Nombre de persona |
Brow, Don, |
| Término indicativo de función/relación |
autor. |
| 245 10 - MENCIÓN DEL TÍTULO |
| Título |
Lecciones prácticas para dirigir el canto / |
| Mención de responsabilidad, etc. |
Don Brown. |
| 250 ## - MENCION DE EDICION |
| Mención de edición |
Cuarta edición. |
| 264 #1 - PRODUCCIÓN, PUBLICACIÓN, DISTRIBUCIÓN, FABRICACIÓN Y COPYRIGHT |
| Producción, publicación, distribución, fabricación y copyright |
El Paso, TX : |
| Nombre del de productor, editor, distribuidor, fabricante |
Mundo Hispano, |
| Fecha de producción, publicación, distribución, fabricación o copyright |
2001. |
| 300 ## - DESCRIPCIÓN FÍSICA |
| Extensión |
123 páginas : |
| Otras características físicas |
ilustraciones ; |
| Dimensiones |
21 centímetros. |
| 336 ## - TIPO DE CONTENIDO |
| Término de tipo de contenido |
text |
| Fuente |
rdacontent |
| 337 ## - TIPO DE MEDIO |
| Nombre/término del tipo de medio |
unmediated |
| Fuente |
rdamedia |
| 338 ## - TIPO DE SOPORTE |
| Nombre/término del tipo de soporte |
volume |
| Fuente |
rdacarrier |
| 490 0# - MENCIÓN DE SERIE |
| Mención de serie |
Lecciones prácticas |
| 504 ## - NOTA DE BIBLIOGRAFÍA, ETC. |
| Nota de bibliografía, etc. |
Bibliografía : página 119. |
| 505 0# - NOTA DE CONTENIDO CON FORMATO |
| Nota de contenido con formato |
Introducción -- Lección 1: Las bases de la dirección musical -- La música y la dirección -- La uniformidad en la dirección -- La base bíblica de la dirección -- La dirección del canto -- La preparación para dirigir -- Ser un líder -- El ritmo: Alma de la música -- Sentir el ritmo -- Actividades en la clase acentos métricos -- Lección 2: Señales básicas y la dirección del tiempo de dos -- Tres señales básicas en la dirección -- La señal de atención -- El tiempo de preparación -- La señal de terminación (el corte) -- El patrón de dos tiempos -- El tiempo de preparacicón en el segundo tiempo del patrón de dos tiempos -- El tiempo de preparación establece el carácter del himno -- Lección 3: La dirección del tiempo de tres -- El patrón de tres tiempos -- Procedimiento para practicar la dirección musical en el compás de tres tiempos que comienza en el tercer tiempo -- Actividades en la clase -- Himnos en 3 por 2, 9 por 4 y 9 por 8 que se pueden dirigir en tres -- El rebote -- Lección4: La dirección del tiempo de cuatro -- Repaso del compás de tres tiempos -- Actividades en clase -- El patrón de dirección de cuatro tiempos -- Actividades en clase -- Más sobre la señal de terminación -- Preparación para la señal de terminación -- Las repeticiones y otras indicaciones -- Lección 5: La dirección del teimpo de seis -- Repaso -- Ejercicios con el patrón de cuatro tiempos -- Repaso de los patrones de dos, tres y cuatro tiempos -- Actividades en la clase -- El patrón de seis tiempos -- Cómo empezar los himnos que comienzan en una subdivisión del tiempo -- La dircción del calderón -- Los calderones sin indicación -- Lección 6: La dirección del tiempo de nueve y otras técnicas -- Refinamiento de los patrones -- Los "si" y los "no" de la dirección -- La dirección expresiva -- El uso de más de un patrón dentro de un himno -- El patrón de nueve tiempos -- Himnos que comienzan con un silencio -- Himnos con más de una indicación de compás -- Himnos sin indicación de compás -- Ultimo repaso -- La dirección del compás de cinco tiempos (opcional) -- El ambiente físico -- Himnarios e instrumentos -- Los materiales y los derechos de autor -- Palabras al sabio -- Actividades para el aprendizaje personal -- Apéndice A -- Apéndice B -- Glosario -- Bibliografía. |
| 526 ## - NOTA DE INFORMACIÓN SOBRE EL PROGRAMA DE ESTUDIO |
| Nombre del programa |
Segunda Especialidad En Profecías Bíblicas |
| 526 ## - NOTA DE INFORMACIÓN SOBRE EL PROGRAMA DE ESTUDIO |
| Nombre del programa |
Segunda Especialidad En Nuevo Testamento |
| 526 ## - NOTA DE INFORMACIÓN SOBRE EL PROGRAMA DE ESTUDIO |
| Nombre del programa |
Segunda Especialidad En Antiguo Testamento |
| 526 ## - NOTA DE INFORMACIÓN SOBRE EL PROGRAMA DE ESTUDIO |
| Nombre del programa |
Segunda Especialidad En Estudios Adventistas |
| 526 ## - NOTA DE INFORMACIÓN SOBRE EL PROGRAMA DE ESTUDIO |
| Nombre del programa |
Doctorado en teología |
| 526 ## - NOTA DE INFORMACIÓN SOBRE EL PROGRAMA DE ESTUDIO |
| Nombre del programa |
Maestría en teología histórica |
| 526 ## - NOTA DE INFORMACIÓN SOBRE EL PROGRAMA DE ESTUDIO |
| Nombre del programa |
Maestría en teología bíblica |
| 526 ## - NOTA DE INFORMACIÓN SOBRE EL PROGRAMA DE ESTUDIO |
| Nombre del programa |
Maestría en teología |
| 526 ## - NOTA DE INFORMACIÓN SOBRE EL PROGRAMA DE ESTUDIO |
| Nombre del programa |
Maestría en misionología |
| 526 ## - NOTA DE INFORMACIÓN SOBRE EL PROGRAMA DE ESTUDIO |
| Nombre del programa |
Maestría en liderazgo eclesiástico |
| 526 ## - NOTA DE INFORMACIÓN SOBRE EL PROGRAMA DE ESTUDIO |
| Nombre del programa |
Teología |
| 541 ## - NOTA DE FUENTE DE ADQUISICIÓN DIRECTA |
| -- |
001-0000131; |
| 596 ## - |
| -- |
1 |
| 650 04 - PUNTO DE ACCESO ADICIONAL DE MATERIA--TÉRMINO DE MATERIA |
| Término de materia o nombre geográfico como elemento de entrada |
Dirección de cantos |
| Subdivisión general |
Direction of songs. |
| 942 ## - ELEMENTOS DE ENTRADA SECUNDARIOS (KOHA) |
| Fuente del sistema de clasificación o colocación |
Clasificación Decimal Dewey |
| Tipo de ítem Koha |
|
| 949 ## - PROCESAMIENTO DE INFORMACIÓN LOCAL (OCLC) |
| a |
264.2 LP [4] |
| w |
DEWEY |
| c |
1 |
| i |
56449 |
| l |
CCODEBUL1 |
| m |
BUL |
| p |
12.00 |
| r |
0 |
| s |
Y |
| t |
BOOK |
| u |
2015-6-25 |
| x |
TEOLOGIA |
| z |
UNKNOWN |
| 0 |
COMPRA |
| o |
.STAFF. Colección Teología |
| 994 ## - |
| -- |
C0 |
| -- |
PEPRU |
| 999 ## - NÚMEROS DE CONTROL DE SISTEMA (KOHA) |
| -- |
DEWEY |
| -- |
56449 |
| -- |
2021-11-10 |
| -- |
5 |
| -- |
CCODEBUL1 |
| -- |
BUL |
| -- |
12.00 |
| -- |
0 |
| -- |
Y |
| -- |
BOOK |
| -- |
2015-6-25 |
| -- |
TEOLOGIA |
| -- |
P35 |
| -- |
COMPRA |
| -- |
.STAFF. Colección Teología |
| 980 ## - EQUIVALENCIA O REFERENCIA-CRUZADA-MENCIÓN DE SERIE--NOMBRE DE PERSONA/TÍTULO [LOCAL, CANADÁ] |
| ID del último usuario que modificó el registro |
1 |
| Nombre del último usuario que modificó el registro |
ALBERTO SANCHEZ Responsable de Automatización |